00694nam a2200241 a 4500001001300000003000900013005001700022008004100039020001000080082001400090100002000104245005500124260003600179300000800215500003500223505001300258650001600271700002000287902000800307942000700315952011500322999001500437nice12345678IN_TiNIC20260116012406.0050524s1985 gura grp 000 0 eng  ac10000a239bSIN1 aSingh, Daniel J aRefutation of the Fabrications of the Anti-Christs aGurdaspurbDaniel J Singhc1985 a72p aincludes index and biblioraphy2 aAppendix aApologetics1 aSingh, Daniel J bSRS cBK 001040708StackRoom-aHMIbHMId2007-06-28g100.00l0o239 SIN1p011958r2007-06-28v100.00w2005-05-24yBK c6834d6834